Cvernovka /
Na minha lista:
| Outros Autores: | , |
|---|---|
| Formato: | Livro |
| Idioma: | eslovaco |
| Publicado em: |
Bratislava :
Nadácia Cvernovka,
2024
|
| Edição: | 2. rozšírené vydanie |
| Assuntos: | |
| Tags: |
Sem tags, seja o primeiro a adicionar uma tag!
|
MARC
| LEADER | 00000nam a22000003a 4500 | ||
|---|---|---|---|
| 001 | 0118078 | ||
| 003 | SK-STU | ||
| 005 | 20260212154557.9 | ||
| 007 | ta | ||
| 008 | 251110s ----xo-----e------000-0-----d | ||
| 020 | |a 978-80-973690-2-6 | ||
| 040 | |a STU |b slo | ||
| 041 | 0 | |a slo | |
| 044 | |a xo | ||
| 245 | 1 | 0 | |a Cvernovka / |c zost. Boris Meluš, Laco Oravec |
| 250 | |a 2. rozšírené vydanie | ||
| 260 | |a Bratislava : |b Nadácia Cvernovka, |c 2024 | ||
| 300 | |a 456 s. | ||
| 650 | 4 | |a architektúra Slovenska | |
| 650 | 4 | |a dejiny | |
| 650 | 4 | |a Bratislava | |
| 650 | 4 | |a Cvernovka | |
| 650 | 4 | |a kultúrna pamiatka | |
| 650 | 4 | |a industriálna pamiatka | |
| 700 | 1 | |a Meluš, Boris |4 com | |
| 700 | 1 | |a Oravec, Laco |r Z5 |4 com | |
| 996 | |b 284AU10608 |c A* 13782/U |l AAKNST |s P |a 0 |w 0118078_0001 | ||